000 00350 a2200157 4500
001 59997
020 _a9783192016721
040 _cAnchieta - Pituba
100 _aWilhelmi, Friederike
240 1 0 _aLea? Nein danke!
_lpor
245 1 0 _aLea? Nein danke!
300 _a47
362 0 _a2009
650 4 _aLiteratura juvenil em alemão
942 _cBK
999 _c59997
_d59997